Statistics for Largest EU Cities by GDP Quiz

Click here to take the quiz!

General Stats

  • This quiz has been taken 1,863 times
    (1,862 since last reset)
  • The average score is 17 of 20

Answer Stats

GDP (billions)City% Correct
$565London
99%
$564Paris
99%
$230Madrid
98%
$95Berlin
97%
$144Rome
96%
$177Barcelona
93%
$115Milan
92%
$64Munich
87%
$70Stockholm
85%
$122Vienna
84%
$85Manchester
83%
$83Brussels
82%
$70Frankfurt
82%
$68Warsaw
82%
$98Lisbon
80%
$96Athens
79%
$74Hamburg
78%
$90Birmingham
73%
$69Lyon
65%
$68Turin
48%

Score Distribution

Percentile by Number Answered

Percent of People with Each Score

Your Score History

You have not taken this quiz since the last reset